Luxembourg : Financial Sector Assessment Program: Technical Note-Fund Management: Regulation, Supervision, and Systemic Risk Monitoring.

This Technical Note discusses the findings and recommendations made in the 2017 Financial Sector Assessment Program for Luxembourg in areas of regulation, supervision, and systemic risk monitoring of fund management. Certain structural elements of the Luxembourg fund management industry, particularl...

وصف كامل

التفاصيل البيبلوغرافية
مؤلف مشترك: International Monetary Fund. Monetary and Capital Markets Department
التنسيق: دورية
اللغة:English
منشور في: Washington, D.C. : International Monetary Fund, 2017.
سلاسل:IMF Staff Country Reports; Country Report ; No. 2017/257
الوصول للمادة أونلاين:Full text available on IMF
LEADER 01981cas a2200241 a 4500
001 AALejournalIMF017901
008 230101c9999 xx r poo 0 0eng d
020 |c 5.00 USD 
020 |z 9781484316771 
022 |a 1934-7685 
040 |a BD-DhAAL  |c BD-DhAAL 
110 2 |a International Monetary Fund.  |b Monetary and Capital Markets Department. 
245 1 0 |a Luxembourg :   |b Financial Sector Assessment Program: Technical Note-Fund Management: Regulation, Supervision, and Systemic Risk Monitoring. 
264 1 |a Washington, D.C. :  |b International Monetary Fund,  |c 2017. 
300 |a 1 online resource (55 pages) 
490 1 |a IMF Staff Country Reports 
500 |a <strong>Off-Campus Access:</strong> No User ID or Password Required 
500 |a <strong>On-Campus Access:</strong> No User ID or Password Required 
506 |a Electronic access restricted to authorized BRAC University faculty, staff and students 
520 3 |a This Technical Note discusses the findings and recommendations made in the 2017 Financial Sector Assessment Program for Luxembourg in areas of regulation, supervision, and systemic risk monitoring of fund management. Certain structural elements of the Luxembourg fund management industry, particularly the extensive use of delegation and concentration of fund directorships, merit increased supervisory analysis and attention beyond the current activities. The Luxembourg framework for liquidity management tools compares favorably with its peers at both the EU and international level. Information on leverage of funds is of potential relevance from a systemic risk perspective. The Luxembourg authorities have also been actively monitoring and contributing to discussions on the EU money market funds regulation. 
538 |a Mode of access: Internet 
830 0 |a IMF Staff Country Reports; Country Report ;  |v No. 2017/257 
856 4 0 |z Full text available on IMF  |u http://elibrary.imf.org/view/journals/002/2017/257/002.2017.issue-257-en.xml  |z IMF e-Library